[Event "72nd RUS-ch Higher League 2019"]
[Site "Yaroslavl"]
[Date "2019.06.27"]
[Round "1.20"]
[White "Kokarev, Dmitry"]
[Black "Salemgareev, Tagir"]
[Result "1/2-1/2"]
[WhiteElo "2609"]
[BlackElo "2412"]
[Annotator "TA"]
[PlyCount "112"]
[EventDate "2019.06.27"]
[EventType "swiss"]
[EventCountry "RUS"]
[SourceTitle "playchess.com"]
[Source "ChessBase"]
[SourceQuality "1"]

{[%evp 16,112,22,17,12,17,12,5,15,5,14,11,13,16,23,0,16,0,0,0,17,7,25,23,57,41,51,45,75,55,98,110,86,62,50,40,29,18,15,17,12,12,18,16,17,5,5,0,0,0,0,0,0,0,0,0,0,0,0,-74,-72,-80,-80,-75,-80,-80,-59,-59,-58,-60,-63,-84,-44,-44,0,-54,0,0,0,0,0,-8,-8,-8,-8,-8,-8,-50,0,0,0,0,0,0,0,0,0,0,699]} 1. e4 e5 2. Nf3 Nc6 3. Bb5 g6 4. d4 exd4 5. Bg5 Be7 6. Bxe7 Qxe7 7. Bxc6 dxc6 8. Qxd4 Nf6 9. Nc3 Bg4 {C60: Ruy Lopez: Unusual Black 3rd moves and 3...g6} 10. Nd2 c5 11. Qe3 O-O-O 12. f3 Be6 13. O-O-O b6 14. Rhe1 (14. g4 Nd7 15. h3 Ne5 16. f4 Nc6 17. Nf3 {0-1 (34) Guseinov,G (2645)-Carlsen,M (2832) chess.com INT 2017}) 14... h5 15. Nf1 $146 ({Predecessor:} 15. h3 Kb8 16. f4 Bc8 17. Nf3 {½-½ (77) Sokolov,A (2496)-Eljanov,P (2661) Brest 2019}) 15... Nd7 16. Qe2 {White wants to mate with Qa6+.} Kb7 17. Ne3 Rhe8 18. f4 {Threatens to win with f5.} f6 19. Qf3 Kb8 20. Re2 Nf8 21. Rxd8+ Rxd8 {[#]} 22. f5 $1 {[%cal Rf5e6]} gxf5 23. exf5 Bf7 24. Nf1 Qd7 25. Rd2 Qc8 26. Nd5 (26. b3 {feels hotter.} Rd4 27. Ne2 Rd8 28. Kb2 Rxd2 29. Nxd2 Qd7 30. Qd3) 26... Bxd5 27. Rxd5 Rxd5 28. Qxd5 Qe8 29. Kd2 Nd7 30. Ng3 Ne5 31. Ne4 Qf8 32. Kc3 Ng4 33. h3 Ne3 34. Qd7 Nxg2 35. Qd2 Qg8 36. b3 Nh4 37. Nxf6 (37. Qf4 $11 {keeps the balance.} Qg1 38. Kb2) 37... Qg3+ $17 {[%mdl 64] [#] Double Attack} 38. Kb2 Qe5+ {[%mdl 64] Double Attack} 39. Qc3 Qxf5 40. Ne8 Nf3 {aiming for ...Nd4.} (40... Qf7 {keeps more tension.} 41. Nf6 Nf5 42. Qe5 Nd4 43. c3 Nc6) 41. Qg7 Qe5+ $1 42. Qxe5 Nxe5 $15 {[%mdl 4096] Endgame KN-KN} 43. h4 Ng4 44. Ng7 Nf6 45. Kc3 ({White should try} 45. Kc1 $11) 45... Kc8 (45... Nd5+ $1 $15 46. Kd2 Nf4) 46. Kd3 Kd7 47. Ke3 $1 Ke7 48. Kf4 Kf7 49. Nf5 Nd5+ 50. Kg5 Nb4 51. Kxh5 Kf6 52. Ne3 {The position is equal.} Nxa2 53. Nd5+ Kf5 54. Ne3+ Kf6 55. Nd5+ Kf5 56. Ne3+ Ke5 $2 {[%mdl 40960] Accuracy: White = 75%, Black = 59%. . An unexpected result.} (56... Kf6 $11) 1/2-1/2

[Event "72nd RUS-ch Higher League 2019"]
[Site "Yaroslavl"]
[Date "2019.06.27"]
[Round "1.21"]
[White "Rychkov, Oleg"]
[Black "Kobalia, Mikhail"]
[Result "1-0"]
[WhiteElo "2409"]
[BlackElo "2608"]
[Annotator "RC"]
[PlyCount "89"]
[EventDate "2019.06.27"]
[EventType "swiss"]
[EventCountry "RUS"]
[SourceTitle "playchess.com"]
[Source "ChessBase"]
[SourceQuality "1"]
[TimeControl "40/5400+30:1800+30"]

1. c4 {[%emt 0:00:00]} g6 {[%emt 0:06:14]} 2. Nc3 {[%emt 0:00:00]} Bg7 {[%emt 0:00:05]} 3. d4 {[%emt 0:00:36]} Nf6 {[%emt 0:00:47]} 4. e4 {[%emt 0:00:19]} O-O {[%emt 0:00:06]} 5. Be2 {[%emt 0:00:37]} d6 {[%emt 0:00:11]} 6. Bg5 {[%emt 0:00:09]} Nbd7 {[%emt 0:02:04]} 7. Qd2 {[%emt 0:00:31]} e5 {[%emt 0:00:28]} 8. d5 {[%emt 0:03:18]} Nc5 {[%emt 0:01:18]} 9. f3 {[%emt 0:00:19]} h6 {[%emt 0:05:41]} 10. Bh4 {[%emt 0:09:03]} a5 {[%emt 0:04:22]} 11. g4 {[%emt 0:01:14]} Bd7 {[%emt 0:02:40]} 12. Nh3 {[%emt 0:06:25]} Na4 {[%emt 0:11:51]} 13. Nxa4 {[%emt 0:09:20]} Bxa4 {[%emt 0:00:25]} 14. Nf2 {[%emt 0:00:32]} Bd7 {[%emt 0:00:42]} 15. Nd1 {[%emt 0:10:16]} Kh7 {[%emt 0:03:15]} 16. Bf2 {[%emt 0:05:08]} Qb8 {[%emt 0:08:25]} 17. h4 {[%emt 0:04:53]} h5 {[%emt 0:01:52]} 18. g5 {[%emt 0:00:29]} Ne8 {[%emt 0:00:53]} 19. Nc3 {[%emt 0:04:01]} f6 {[%emt 0:04:44]} 20. Be3 {[%emt 0:03:04]} Rf7 {[%emt 0:03:24]} 21. O-O-O {[%emt 0:01:54]} f5 {[%emt 0:07:05]} 22. exf5 {[%emt 0:06:46]} Bxf5 {[%emt 0:00:06]} 23. Ne4 {[%emt 0:01:25]} Bh8 {[%emt 0:01:59]} 24. Bd3 {[%emt 0:01:59]} c6 {[%emt 0:02:02]} 25. Kb1 {[%emt 0:01:14]} a4 {[%emt 0:03:45]} 26. a3 {[%emt 0:00:35]} c5 {[%emt 0:01:34]} 27. Rhf1 {[%emt 0:04:18]} Ra7 {[%emt 0:01:06]} 28. Qc2 {[%emt 0:01:23]} Qc8 {[%emt 0:03:37]} 29. f4 {[%emt 0:01:20]} b5 {[%emt 0:03:11]} 30. cxb5 {[%emt 0:02:25]} Rae7 {[%emt 0:06:31]} 31. fxe5 {[%emt 0:05:40]} Rxe5 {[%emt 0:02:35]} 32. Ng3 {[%emt 0:01:34]} Ng7 {[%emt 0:05:22]} 33. Bxf5 {[%emt 0:02:08]} Nxf5 {[%emt 0:00:27]} 34. Nxf5 {[%emt 0:00:41]} Rexf5 {[%emt 0:02:00]} 35. Rxf5 {[%emt 0:00:29]} Qxf5 {[%emt 0:03:38]} 36. Qxf5 {[%emt 0:00:26]} Rxf5 {[%emt 0:01:37]} 37. Kc2 {[%emt 0:08:15]} Rf7 {[%emt 0:00:01]} 38. b3 {[%emt 0:01:48]} axb3+ {[%emt 0:00:01]} 39. Kxb3 {[%emt 0:00:06]} Rf3 {[%emt 0:00:01]} 40. Rd3 {[%emt 0:00:00]} Bd4 {[%emt 0:00:00]} 41. b6 {[%emt 0:00:23]} Bxe3 {[%emt 0:01:55]} 42. b7 {[%emt 0:00:09]} c4+ {[%emt 0:00:03]} 43. Kxc4 {[%emt 0:00:49]} Rf4+ {[%emt 0:01:34]} 44. Kb5 {[%emt 0:00:28]} Ba7 {[%emt 0:00:19]} 45. Rc3 {[%emt 0:00:04]} 1-0

[Event "72nd RUS-ch Higher League 2019"]
[Site "Yaroslavl"]
[Date "2019.06.27"]
[Round "1.22"]
[White "Timofeev, Artyom"]
[Black "Bykov, Oleg"]
[Result "1-0"]
[WhiteElo "2608"]
[BlackElo "2401"]
[Annotator "TA"]
[PlyCount "75"]
[EventDate "2019.06.27"]
[EventType "swiss"]
[EventCountry "RUS"]
[SourceTitle "playchess.com"]
[Source "ChessBase"]
[SourceQuality "1"]

{[%evp 23,75,14,17,16,16,14,18,15,12,9,14,10,14,12,31,17,55,-33,58,50,61,63,109,97,97,112,113,83,161,150,171,177,178,157,168,166,177,130,164,142,223,223,215,217,221,217,260,249,293,289,407,362,583,594]} 1. e4 c5 2. Nf3 Nc6 3. d4 cxd4 4. Nxd4 Nf6 5. Nc3 e5 6. Ndb5 d6 7. Bg5 a6 8. Na3 b5 9. Nd5 Be7 10. Bxf6 Bxf6 11. c4 b4 12. Nc2 Rb8 13. Qd3 {B33: Sicilian: Pelikan and Sveshnikov Variations} (13. b3 Bg5 14. g3 O-O 15. Bg2 a5 16. O-O Ne7 17. h4 Bh6 18. Nxe7+ Qxe7 19. Qd5 Qc7 20. Rad1 Rd8 21. Kh2 Bg4 22. Rde1 Bd7 23. Qd3 Qc5 24. Rd1 {1-0 (55) Nakamura,H (2759)-Van Wely,L (2692) Wijk aan Zee 2012}) 13... O-O 14. Be2 Be6 15. O-O {The position is equal.} Bg5 16. Rad1 g6 17. b3 a5 18. g3 Bh3 19. Rfe1 {Threatens to win with g4.} f5 $146 {[#] And now ...fxe4 would win.} ({Predecessor:} 19... Qc8 20. f4 Bd8 21. Kh1 {1-0 (37) Zidu,J (2538)-Firsching,G (2455) Remote email 2013}) 20. Bf3 (20. c5 $1 $14 {[%mdl 512]}) 20... Qd7 (20... f4 $1 $15) 21. exf5 $14 Bxf5 22. Be4 Qf7 23. Bxf5 gxf5 24. f4 Bh6 25. Kh1 e4 (25... Kh8 $16 {was called for.}) 26. Qe2 $18 Bg7 27. Nde3 Qe6 28. Rd5 Ne7 29. Rxa5 Ra8 30. Ra4 Rxa4 31. bxa4 {[%cal Bb3a4,Ba4a5][%mdl 32]} d5 (31... Bc3 $16 {keeps fighting.}) 32. Rd1 ({Weaker is} 32. Nxb4 d4 $14) 32... dxc4 33. Qxc4 ({Inferior is} 33. Nxc4 Nd5 $11) 33... Qxc4 34. Nxc4 Rb8 35. a5 Nc6 36. Rd6 Na7 (36... Rc8 $142 37. N2e3 Nd4) 37. N2e3 Nb5 $2 {[#]} (37... Bf8) 38. Rb6 {Accuracy: White = 81%, Black = 32%.} 1-0

[Event "72nd RUS-ch Higher League 2019"]
[Site "Yaroslavl"]
[Date "2019.06.27"]
[Round "1.23"]
[White "Truskavetsky, Alexandr"]
[Black "Paravyan, David"]
[Result "0-1"]
[WhiteElo "2398"]
[BlackElo "2605"]
[Annotator "RC"]
[PlyCount "111"]
[EventDate "2019.06.27"]
[EventType "swiss"]
[EventCountry "RUS"]
[SourceTitle "playchess.com"]
[Source "ChessBase"]
[SourceQuality "1"]
[TimeControl "40/5400+30:1800+30"]

1. d4 {[%emt 0:00:00]} Nf6 {[%emt 0:00:00]} 2. c4 {[%emt 0:00:00]} e6 {[%emt 0:00:00]} 3. g3 {[%emt 0:00:31]} d5 {[%emt 0:00:00]} 4. Nf3 {[%emt 0:00:24]} Bb4+ {[%emt 0:00:00]} 5. Bd2 {[%emt 0:00:28]} a5 {[%emt 0:00:25]} 6. Bg2 {[%emt 0:01:20]} O-O {[%emt 0:00:09]} 7. O-O {[%emt 0:01:26]} dxc4 {[%emt 0:00:07]} 8. Qc2 {[%emt 0:04:30]} Bxd2 {[%emt 0:00:13]} 9. Nbxd2 {[%emt 0:00:11]} b5 {[%emt 0:00:15]} 10. a4 {[%emt 0:04:13]} c6 {[%emt 0:00:28]} 11. b3 {[%emt 0:19:14]} cxb3 {[%emt 0:00:47]} 12. Nxb3 {[%emt 0:00:06]} Nd5 {[%emt 0:02:20]} 13. e4 {[%emt 0:03:41]} Nb6 {[%emt 0:07:55]} 14. axb5 {[%emt 0:01:10]} a4 {[%emt 0:02:28]} 15. Nc5 {[%emt 0:00:06]} cxb5 {[%emt 0:00:18]} 16. Rfb1 {[%emt 0:04:04]} Nc6 {[%emt 0:26:52]} 17. Rxb5 {[%emt 0:01:12]} Nxd4 {[%emt 0:00:58]} 18. Nxd4 {[%emt 0:00:07]} Qxd4 {[%emt 0:00:04]} 19. Rd1 {[%emt 0:20:13]} Qc4 {[%emt 0:00:25]} 20. Qb1 {[%emt 0:01:21]} a3 {[%emt 0:03:34]} 21. Bf1 {[%emt 0:00:11]} a2 {[%emt 0:09:05]} 22. Qa1 {[%emt 0:00:12]} Qc2 {[%emt 0:00:06]} 23. Nb3 {[%emt 0:00:28]} Qc7 {[%emt 0:30:19]} 24. Rc1 {[%emt 0:07:12]} Qd8 {[%emt 0:00:28]} 25. Rd1 {[%emt 0:05:57]} Bd7 {[%emt 0:00:04]} 26. Rb4 {[%emt 0:02:52]} Qc7 {[%emt 0:00:47]} 27. Rd2 {[%emt 0:01:17]} Qa7 {[%emt 0:03:28]} 28. Nc1 {[%emt 0:01:06]} Qa5 {[%emt 0:01:18]} 29. Rbb2 {[%emt 0:01:15]} Bc6 {[%emt 0:02:38]} 30. Nb3 {[%emt 0:04:35]} Qg5 {[%emt 0:05:12]} 31. h4 {[%emt 0:08:16]} Qe5 {[%emt 0:02:01]} 32. Nd4 {[%emt 0:01:44]} Qxe4 {[%emt 0:00:03]} 33. Nxc6 {[%emt 0:01:28]} Qxc6 {[%emt 0:00:02]} 34. Bg2 {[%emt 0:02:00]} Nd5 {[%emt 0:00:03]} 35. Bxd5 {[%emt 0:00:55]} exd5 {[%emt 0:00:05]} 36. Rxa2 {[%emt 0:00:18]} Rab8 {[%emt 0:02:01]} 37. Ra6 {[%emt 0:02:39]} Qd7 {[%emt 0:00:17]} 38. Qe5 {[%emt 0:01:20]} Rfd8 {[%emt 0:01:57]} 39. Kh2 {[%emt 0:00:22]} d4 {[%emt 0:00:49]} 40. Ra5 {[%emt 0:00:00]} h6 {[%emt 0:00:00]} 41. Qe4 {[%emt 0:02:45]} Rbc8 {[%emt 0:09:04]} 42. Ra3 {[%emt 0:02:48]} Rc6 {[%emt 0:02:05]} 43. Rad3 {[%emt 0:00:48]} Rd6 {[%emt 0:00:08]} 44. Qf4 {[%emt 0:00:47]} Rd5 {[%emt 0:00:56]} 45. Qe4 {[%emt 0:04:17]} g6 {[%emt 0:00:34]} 46. Qf4 {[%emt 0:00:45]} Kg7 {[%emt 0:00:59]} 47. Qe4 {[%emt 0:00:17]} g5 {[%emt 0:03:17]} 48. hxg5 {[%emt 0:00:26]} hxg5 {[%emt 0:00:05]} 49. Kg2 {[%emt 0:06:46]} Re8 {[%emt 0:00:50]} 50. Qf3 {[%emt 0:00:19]} Rh8 {[%emt 0:01:07]} 51. Kg1 {[%emt 0:02:54]} Re5 {[%emt 0:05:57]} 52. Rd1 {[%emt 0:00:35]} g4 {[%emt 0:06:47]} 53. Qf4 {[%emt 0:10:17]} Reh5 {[%emt 0:00:06]} 54. Qe4 {[%emt 0:00:11]} Qf5 {[%emt 0:03:26]} 55. Qxd4+ {[%emt 0:00:28]} Kg6 {[%emt 0:00:06]} 56. Kf1 {[%emt 0:03:30]} 0-1

[Event "72nd RUS-ch Higher League 2019"]
[Site "Yaroslavl"]
[Date "2019.06.27"]
[Round "1.24"]
[White "Popov, Ivan"]
[Black "Kanter, Eduard"]
[Result "1-0"]
[WhiteElo "2599"]
[BlackElo "2392"]
[Annotator "ChessBase"]
[PlyCount "75"]
[EventDate "2019.06.27"]
[EventType "swiss"]
[EventCountry "RUS"]
[SourceTitle "playchess.com"]
[Source "ChessBase"]
[SourceQuality "1"]
[TimeControl "40/5400+30:1800+30"]

1. e4 {[%emt 0:00:00]} c5 {[%emt 0:00:00]} 2. Nc3 {[%emt 0:00:00]} Nc6 {[%emt 0:00:03]} 3. Bb5 {[%emt 0:00:00]} Nd4 {[%emt 0:00:47]} 4. Nf3 {[%emt 0:00:06]} a6 {[%emt 0:00:13]} 5. Bd3 {[%emt 0:00:23]} d6 {[%emt 0:05:33]} 6. Nxd4 {[%emt 0:01:51]} cxd4 {[%emt 0:00:07]} 7. Ne2 {[%emt 0:00:09]} e5 {[%emt 0:00:05]} 8. c3 {[%emt 0:08:17]} dxc3 {[%emt 0:00:11]} 9. dxc3 {[%emt 0:00:06]} Be7 {[%emt 0:03:00]} 10. O-O {[%emt 0:03:36]} Nf6 {[%emt 0:00:42]} 11. Bg5 {[%emt 0:00:30]} Be6 {[%emt 0:18:16]} 12. Bxf6 {[%emt 0:16:09]} Bxf6 {[%emt 0:00:06]} 13. Bc2 {[%emt 0:00:06]} O-O {[%emt 0:32:07]} 14. Bb3 {[%emt 0:00:53]} Qd7 {[%emt 0:02:08]} 15. Qc2 {[%emt 0:04:39]} Rac8 {[%emt 0:11:40]} 16. Rad1 {[%emt 0:02:56]} Be7 {[%emt 0:04:04]} 17. Rd3 {[%emt 0:12:24]} Qc6 {[%emt 0:03:15]} 18. Ng3 {[%emt 0:04:01]} g6 {[%emt 0:00:34]} 19. Rfd1 {[%emt 0:00:47]} b5 {[%emt 0:02:29]} 20. Bd5 {[%emt 0:10:08]} Qd7 {[%emt 0:06:40]} 21. Nf1 {[%emt 0:02:53]} b4 {[%emt 0:04:13]} 22. c4 {[%emt 0:02:10]} Qc7 {[%emt 0:00:59]} 23. b3 {[%emt 0:02:21]} a5 {[%emt 0:00:10]} 24. Qe2 {[%emt 0:03:34]} Rfe8 {[%emt 0:00:22]} 25. Bxe6 {[%emt 0:03:45]} fxe6 {[%emt 0:00:06]} 26. Qg4 {[%emt 0:00:03]} Bf8 {[%emt 0:00:15]} 27. h4 {[%emt 0:00:05]} Qf7 {[%emt 0:01:18]} 28. Rf3 {[%emt 0:00:51]} Qg7 {[%emt 0:01:36]} 29. Rg3 {[%emt 0:01:51]} Kh8 {[%emt 0:02:05]} 30. h5 {[%emt 0:00:09]} gxh5 {[%emt 0:01:21]} 31. Qxh5 {[%emt 0:00:24]} Qh6 {[%emt 0:00:13]} 32. Qf7 {[%emt 0:02:46]} Be7 {[%emt 0:00:26]} 33. Rh3 {[%emt 0:01:18]} Qg7 {[%emt 0:00:21]} 34. Qxe6 {[%emt 0:00:03]} Rf8 {[%emt 0:00:46]} 35. Ne3 {[%emt 0:01:31]} Qf7 {[%emt 0:00:39]} 36. Qxf7 {[%emt 0:00:07]} Rxf7 {[%emt 0:00:01]} 37. Nf5 {[%emt 0:00:23]} Bf8 {[%emt 0:00:20]} 38. Nxd6 {[%emt 0:00:54]} 1-0

[Event "72nd RUS-ch Higher League 2019"]
[Site "Yaroslavl"]
[Date "2019.06.27"]
[Round "1.25"]
[White "Eraschenkov, Denis"]
[Black "Pridorozhni, Aleksei"]
[Result "1/2-1/2"]
[WhiteElo "2379"]
[BlackElo "2588"]
[Annotator "ChessBase"]
[PlyCount "153"]
[EventDate "2019.06.27"]
[EventType "swiss"]
[EventCountry "RUS"]
[SourceTitle "playchess.com"]
[Source "ChessBase"]
[SourceQuality "1"]
[TimeControl "40/5400+30:1800+30"]

1. e4 {[%emt 0:00:00]} c5 {[%emt 0:01:46]} 2. Nf3 {[%emt 0:00:00]} Nc6 {[%emt 0:00:13]} 3. Nc3 {[%emt 0:00:43]} g6 {[%emt 0:00:30]} 4. Bb5 {[%emt 0:00:38]} Bg7 {[%emt 0:01:00]} 5. Bxc6 {[%emt 0:00:22]} dxc6 {[%emt 0:00:40]} 6. d3 Bg4 7. h3 {[%emt 0:01:55]} Bxf3 {[%emt 0:02:08]} 8. Qxf3 {[%emt 0:00:08]} Nf6 {[%emt 0:00:06]} 9. O-O {[%emt 0:02:26]} O-O {[%emt 0:00:43]} 10. Qg3 {[%emt 0:08:10]} Nh5 {[%emt 0:07:22]} 11. Qh4 {[%emt 0:20:42]} e5 {[%emt 0:02:26]} 12. Qxd8 {[%emt 0:03:02]} Rfxd8 {[%emt 0:03:27]} 13. Be3 {[%emt 0:11:04]} Bf8 {[%emt 0:00:27]} 14. g3 {[%emt 0:13:52]} Ng7 {[%emt 0:00:45]} 15. Nb1 {[%emt 0:10:40]} Ne6 {[%emt 0:03:24]} 16. Nd2 {[%emt 0:00:41]} f5 {[%emt 0:03:40]} 17. exf5 {[%emt 0:03:58]} gxf5 {[%emt 0:00:12]} 18. Rae1 {[%emt 0:00:55]} Re8 {[%emt 0:04:02]} 19. Nf3 {[%emt 0:02:28]} Bg7 {[%emt 0:04:27]} 20. g4 {[%emt 0:02:50]} Rf8 {[%emt 0:11:36]} 21. gxf5 {[%emt 0:00:52]} Rxf5 {[%emt 0:00:07]} 22. Nd2 {[%emt 0:00:26]} Rh5 {[%emt 0:03:36]} 23. Kh2 {[%emt 0:00:48]} Rf8 {[%emt 0:00:48]} 24. Rg1 {[%emt 0:01:08]} Kh8 {[%emt 0:00:39]} 25. Rg4 {[%emt 0:06:22]} b6 {[%emt 0:01:58]} 26. Ne4 {[%emt 0:01:06]} Nf4 {[%emt 0:09:09]} 27. Bxf4 {[%emt 0:03:52]} exf4 {[%emt 0:00:06]} 28. Ng5 {[%emt 0:00:39]} Bh6 {[%emt 0:07:16]} 29. Nf3 {[%emt 0:00:39]} Rhf5 {[%emt 0:02:25]} 30. Re4 {[%emt 0:01:19]} Bg7 {[%emt 0:06:29]} 31. b3 {[%emt 0:00:09]} a5 {[%emt 0:04:59]} 32. h4 {[%emt 0:00:25]} Bc3 33. Kh3 {[%emt 0:00:11]} Bb2 {[%emt 0:05:36]} 34. a4 {[%emt 0:00:28]} b5 35. Rg5 Rxg5 {[%emt 0:06:17]} 36. hxg5 {[%emt 0:00:50]} c4 {[%emt 0:00:09]} 37. axb5 {[%emt 0:00:48]} cxb3 {[%emt 0:00:24]} 38. cxb3 {[%emt 0:00:37]} cxb5 {[%emt 0:00:05]} 39. Kg4 {[%emt 0:01:08]} Rd8 {[%emt 0:04:00]} 40. Ne5 {[%emt 0:00:00]} Ra8 {[%emt 0:00:00]} 41. Kxf4 {[%emt 0:11:20]} a4 {[%emt 0:03:25]} 42. bxa4 {[%emt 0:01:16]} bxa4 {[%emt 0:00:12]} 43. Nc4 {[%emt 0:04:10]} a3 {[%emt 0:00:53]} 44. Nxa3 {[%emt 0:01:01]} Rxa3 {[%emt 0:01:16]} 45. d4 {[%emt 0:05:10]} Ra5 {[%emt 0:07:34]} 46. Re5 {[%emt 0:01:37]} Ra4 {[%emt 0:00:08]} 47. Re4 {[%emt 0:00:17]} Kg7 {[%emt 0:00:25]} 48. Kg4 {[%emt 0:00:23]} Ra7 {[%emt 0:01:03]} 49. f4 {[%emt 0:00:37]} Rd7 {[%emt 0:00:18]} 50. Re2 {[%emt 0:02:33]} Ba3 {[%emt 0:00:51]} 51. Ra2 {[%emt 0:02:21]} Bf8 {[%emt 0:00:53]} 52. Kh5 {[%emt 0:01:22]} Rxd4 {[%emt 0:02:16]} 53. Ra7+ {[%emt 0:00:32]} Kg8 {[%emt 0:00:05]} 54. f5 {[%emt 0:01:30]} Rd5 {[%emt 0:00:39]} 55. Kg4 {[%emt 0:00:21]} h5+ {[%emt 0:02:24]} 56. Kxh5 {[%emt 0:01:29]} Rxf5 {[%emt 0:00:18]} 57. Kg6 {[%emt 0:00:35]} Rd5 {[%emt 0:00:06]} 58. Ra6 {[%emt 0:00:35]} Be7 {[%emt 0:00:40]} 59. Ra8+ {[%emt 0:00:33]} Bd8 {[%emt 0:00:12]} 60. Kh6 {[%emt 0:01:41]} Rd6+ {[%emt 0:00:09]} 61. Kh5 {[%emt 0:00:42]} Kf8 {[%emt 0:04:13]} 62. Rb8 {[%emt 0:00:44]} Ke8 {[%emt 0:00:40]} 63. Rb5 {[%emt 0:00:37]} Kf7 {[%emt 0:07:20]} 64. Rb7+ {[%emt 0:01:49]} Kf8 {[%emt 0:00:55]} 65. Rb8 {[%emt 0:00:17]} Rd1 {[%emt 0:00:31]} 66. Kg6 {[%emt 0:00:35]} Rd7 {[%emt 0:01:13]} 67. Ra8 {[%emt 0:00:23]} Kg8 {[%emt 0:01:00]} 68. Rb8 {[%emt 0:00:22]} Rd6+ {[%emt 0:00:59]} 69. Kh5 {[%emt 0:00:24]} Kf7 {[%emt 0:00:27]} 70. Rb7+ {[%emt 0:00:10]} Be7 {[%emt 0:00:37]} 71. g6+ {[%emt 0:00:30]} Kf6 {[%emt 0:00:10]} 72. g7 {[%emt 0:00:26]} Rd8 {[%emt 0:01:02]} 73. Kh6 {[%emt 0:01:16]} Rg8 {[%emt 0:00:13]} 74. Rb1 {[%emt 0:00:27]} Kf7 {[%emt 0:00:06]} 75. Rb7 {[%emt 0:00:14]} Rxg7 {[%emt 0:00:08]} 76. Rxe7+ {[%emt 0:00:04]} Kxe7 {[%emt 0:00:03]} 77. Kxg7 {[%emt 0:00:07]} 1/2-1/2

[Event "72nd RUS-ch Higher League 2019"]
[Site "Yaroslavl"]
[Date "2019.06.27"]
[Round "1.26"]
[White "Sakaev, Konstantin"]
[Black "Galaktionov, Artem"]
[Result "1/2-1/2"]
[WhiteElo "2584"]
[BlackElo "2371"]
[Annotator "ChessBase"]
[PlyCount "104"]
[EventDate "2019.06.27"]
[EventType "swiss"]
[EventCountry "RUS"]
[SourceTitle "playchess.com"]
[Source "ChessBase"]
[SourceQuality "1"]
[TimeControl "40/5400+30:1800+30"]

1. e4 {[%emt 0:00:00]} c6 {[%emt 0:00:00]} 2. d4 {[%emt 0:00:00]} d5 {[%emt 0:00:00]} 3. e5 {[%emt 0:00:00]} Bf5 {[%emt 0:00:00]} 4. Nf3 {[%emt 0:00:14]} e6 {[%emt 0:00:00]} 5. Be2 {[%emt 0:00:19]} Ne7 {[%emt 0:00:09]} 6. O-O {[%emt 0:00:20]} Nd7 {[%emt 0:00:10]} 7. Nbd2 {[%emt 0:00:41]} Bg6 {[%emt 0:04:43]} 8. Nb3 {[%emt 0:00:49]} Nf5 {[%emt 0:00:07]} 9. a4 {[%emt 0:00:32]} Be7 {[%emt 0:03:39]} 10. g4 {[%emt 0:02:10]} Nh4 {[%emt 0:00:06]} 11. Nxh4 {[%emt 0:00:28]} Bxh4 {[%emt 0:00:04]} 12. f4 {[%emt 0:01:35]} f5 {[%emt 0:04:44]} 13. Bd3 {[%emt 0:04:18]} O-O {[%emt 0:11:32]} 14. g5 {[%emt 0:03:02]} h6 {[%emt 0:00:29]} 15. gxh6 {[%emt 0:09:43]} gxh6 {[%emt 0:00:13]} 16. Rf3 {[%emt 0:16:03]} Be7 {[%emt 0:11:38]} 17. Rh3 {[%emt 0:01:45]} h5 {[%emt 0:00:17]} 18. Be3 {[%emt 0:03:11]} h4 {[%emt 0:12:23]} 19. Kh1 {[%emt 0:11:03]} Kf7 {[%emt 0:00:24]} 20. Be2 {[%emt 0:00:27]} Rh8 {[%emt 0:01:46]} 21. Nd2 {[%emt 0:12:40]} c5 {[%emt 0:02:12]} 22. Nf3 {[%emt 0:01:01]} cxd4 {[%emt 0:04:37]} 23. Bxd4 {[%emt 0:00:41]} Rc8 {[%emt 0:01:22]} 24. c3 {[%emt 0:06:26]} Nc5 {[%emt 0:06:50]} 25. Bxc5 {[%emt 0:00:13]} Rxc5 {[%emt 0:00:02]} 26. Nd4 {[%emt 0:00:10]} Qf8 {[%emt 0:02:18]} 27. Qd2 {[%emt 0:07:37]} Qh6 {[%emt 0:00:30]} 28. Rd1 {[%emt 0:02:26]} Rd8 {[%emt 0:02:41]} 29. Nf3 {[%emt 0:04:18]} Rh8 {[%emt 0:03:52]} 30. Nd4 {[%emt 0:00:37]} Rd8 {[%emt 0:00:07]} 31. Nf3 {[%emt 0:00:04]} Rh8 {[%emt 0:00:06]} 32. Ng5+ {[%emt 0:04:30]} Bxg5 {[%emt 0:00:13]} 33. fxg5 {[%emt 0:00:03]} Qg7 {[%emt 0:00:47]} 34. Qd4 {[%emt 0:01:02]} b6 {[%emt 0:00:13]} 35. b4 {[%emt 0:02:21]} Rc7 {[%emt 0:00:40]} 36. c4 {[%emt 0:01:39]} Rd7 {[%emt 0:09:13]} 37. Qf4 {[%emt 0:00:23]} Rhd8 {[%emt 0:06:44]} 38. Rhd3 {[%emt 0:02:55]} Ke7 {[%emt 0:01:00]} 39. cxd5 {[%emt 0:02:50]} Rxd5 {[%emt 0:00:06]} 40. Rxd5 {[%emt 0:00:00]} Rxd5 {[%emt 0:00:00]} 41. Rxd5 {[%emt 0:01:05]} exd5 {[%emt 0:00:05]} 42. Ba6 {[%emt 0:02:11]} Qh8 {[%emt 0:02:24]} 43. a5 {[%emt 0:09:31]} Ke6 {[%emt 0:09:18]} 44. axb6 {[%emt 0:03:02]} axb6 {[%emt 0:00:03]} 45. Qd4 {[%emt 0:02:01]} Qxe5 {[%emt 0:00:21]} 46. Bc8+ {[%emt 0:01:09]} Kd6 {[%emt 0:00:03]} 47. Qxb6+ {[%emt 0:00:06]} Ke7 {[%emt 0:00:01]} 48. Qxg6 {[%emt 0:00:59]} Qe4+ {[%emt 0:00:14]} 49. Kg1 {[%emt 0:00:05]} Qe3+ {[%emt 0:00:12]} 50. Kf1 {[%emt 0:00:11]} Qf3+ {[%emt 0:00:04]} 51. Ke1 {[%emt 0:00:11]} Qe3+ {[%emt 0:00:05]} 52. Kf1 {[%emt 0:00:04]} Qf3+ {[%emt 0:00:04]} 1/2-1/2